| 000 | 00374nam a2200109 a 4500 | ||
|---|---|---|---|
| 005 | 20140414132113.0 | ||
| 008 | 110815s19uu xx 00 eng d | ||
| 050 |
_aTR 153.9 _bHo83 2007 |
||
| 245 |
_aHow to stimulate your child's intelligence : _ba practical guide to giving your child the best start in life. |
||
| 260 |
_aNew York : _bReader's Digest, _c2007. |
||
| 999 |
_c114826 _d114826 |
||